000 00509nam a2200181Ia 4500
999 _c29543
_d29543
003 OSt
005 20201123104334.0
008 190216s9999||||xx |||||||||||||| ||und||
020 _a8171748481
040 _coclc
082 _a894.8123
_bSIV/A
100 _aSivakumar, Ettumanoor
_96770
245 0 _aAsurajanmam /
_cEttumanoor Sivakumar
260 _bC I C C Book House,
_aKochi:
_c2007.
300 _a100p
650 _aNovel
942 _cBK
_2ddc
_h894.8123
_iSIV/A
_k894.8123
_mSIV/A